Geotechnical Engineering / (Record no. 1114)
[ view plain ]
| 000 -LEADER | |
|---|---|
| fixed length control field | 00338 a2200109 4500 |
| 020 ## - INTERNATIONAL STANDARD BOOK NUMBER | |
| International Standard Book Number | 9780070588295 |
| 082 ## - DEWEY DECIMAL CLASSIFICATION NUMBER | |
| Classification number | 624.151 GUL |
| 100 ## - MAIN ENTRY--PERSONAL NAME | |
| Personal name | Gulhati,Shashi K. |
| 245 ## - TITLE STATEMENT | |
| Title | Geotechnical Engineering / |
| Statement of responsibility, etc. | Shashi K. Gulhati |
| 260 ## - PUBLICATION, DISTRIBUTION, ETC. | |
| Place of publication, distribution, etc. | New Delhi : |
| Date of publication, distribution, etc. | Tata McGraw Hill Publishing Comp, |
| Name of publisher, distributor, etc. | 2007. |
| 300 ## - PHYSICAL DESCRIPTION | |
| Extent | xxviii,738p. : |
| Other physical details | ill . ; |
| Dimensions | 25 cm |
| 650 ## - SUBJECT ADDED ENTRY--TOPICAL TERM | |
| Topical term or geographic name entry element | geotechnical engineering |
| Withdrawn status | Lost status | Damaged status | Not for loan | Permanent Location | Current Location | Shelving location | Date acquired | Total Checkouts | Total Renewals | Full call number | Barcode | Date last seen | Date last checked out | Price effective from | Koha item type | Source of classification or shelving scheme |
|---|---|---|---|---|---|---|---|---|---|---|---|---|---|---|---|---|
| School of Civil and Environmental Engineering (SCEE) | School of Civil and Environmental Engineering (SCEE) | 1 | 1 | 624.151 GUL | NIT-6183 | 07/27/2021 | 10/11/2019 | 01/05/2017 | Book | |||||||
| School of Civil and Environmental Engineering (SCEE) | School of Civil and Environmental Engineering (SCEE) | 2 | 4 | NIT-6184 | 11/24/2023 | 11/16/2021 | 01/05/2017 | Book | ||||||||
| School of Civil and Environmental Engineering (SCEE) | School of Civil and Environmental Engineering (SCEE) | 11/21/2019 | 624.151 GUL | NIT-12371 | 11/21/2019 | 11/21/2019 |
